000 00301nam a2200097Ia 4500
082 _a320.96 SHIV
245 0 _aWhere is Uhuru? : reflections on the struggle for democracy in Africa
100 _a Shivji, Issa G. Oxford, 2009
_944891
942 _cBK
008 210817s9999 xx 000 0 und d
999 _c149059
_d149058